[Event "Kingston Invitational 3rd"]
[Site "Kingston upon Thames"]
[Date "2024.08.15"]
[Round "7.2"]
[White "Larkin, Vladyslav"]
[Black "Czopor, Maciej"]
[Result "1-0"]
[WhiteElo "2471"]
[BlackElo "2364"]
[PlyCount "73"]
[EventDate "2024.08.12"]
[EventType "swiss"]
[EventRounds "9"]
[EventCountry "ENG"]
[SourceTitle "BritBase"]
[Source "John Saunders"]
[SourceDate "2024.08.18"]
[SourceVersion "1"]
[SourceVersionDate "2024.08.18"]
[SourceQuality "1"]

1. d4 Nf6 2. Nc3 d5 3. Bg5 e6 4. e4 dxe4 5. Nxe4 Nbd7 6. Nf3 Be7 7. Nxf6+ Bxf6 8. Bxf6 Qxf6 9. Qe2 O-O 10. O-O-O c5 11. Qe3 cxd4 12. Rxd4 Nb6 13. Bd3 Bd7 14. Rh4 g6 15. Qh6 Qg7 16. Ng5 Qxh6 17. Rxh6 Bc6 18. h4 Nd5 19. h5 Nf6 20. hxg6 hxg6 21. Bxg6 Bxg2 22. R1h2 Kg7 23. Bxf7 Be4 24. Nxe4 Nxe4 25. Rh7+ Kf6 26. R2h6+ Kg5 27. Rxe6 Nxf2 28. Rg6+ Kf5 29. Rh5+ Ke4 30. Re6+ Kf4 31. Rf6+ Kg3 32. Rg5+ Ng4 33. Rf1 Kh4 34. Rg7 Rad8 35. Rh1+ Kg3 36. Rg1+ Kf3 37. Bh5 1-0

[Event "Kingston Invitational 3rd"]
[Site "Kingston upon Thames"]
[Date "2024.08.15"]
[Round "7.3"]
[White "Lim, Zhuo Ren"]
[Black "Wall, Gavin"]
[Result "1/2-1/2"]
[WhiteElo "2278"]
[BlackElo "2258"]
[PlyCount "69"]
[EventDate "2024.08.12"]
[EventType "swiss"]
[EventRounds "9"]
[EventCountry "ENG"]
[SourceTitle "BritBase"]
[Source "John Saunders"]
[SourceDate "2024.08.18"]
[SourceVersion "1"]
[SourceVersionDate "2024.08.18"]
[SourceQuality "1"]

1. d4 f5 2. g3 Nf6 3. Bg2 g6 4. a4 a5 5. h4 h6 6. Nh3 d5 7. Nf4 Rg8 8. c4 dxc4 9. d5 e5 10. dxe6 Qxd1+ 11. Kxd1 Na6 12. Na3 Ng4 13. Ke1 Bb4+ 14. Kf1 Bc5 15. f3 Ne3+ 16. Bxe3 Bxe3 17. Nd5 Bd4 18. Rd1 Bxb2 19. Nxc4 Bh8 20. f4 Bxe6 21. Nxa5 c6 22. Ne3 Ke7 23. Nxb7 Rgc8 24. Na5 Nb4 25. Nac4 Rcb8 26. a5 Rb5 27. Rb1 Rab8 28. Nb6 Ba2 29. Rd1 Rxa5 30. Nec4 Rc5 31. Rd7+ Kf8 32. Rd2 Rb7 33. Rd7 Rb8 34. Rd2 Rb7 35. Rd7 1/2-1/2

[Event "Kingston Invitational 3rd"]
[Site "Kingston upon Thames"]
[Date "2024.08.15"]
[Round "7.4"]
[White "Bezuidenhout, Roland"]
[Black "Eames, Robert S"]
[Result "1-0"]
[WhiteElo "2270"]
[BlackElo "2145"]
[PlyCount "63"]
[EventDate "2024.08.12"]
[EventType "swiss"]
[EventRounds "9"]
[EventCountry "ENG"]
[SourceTitle "BritBase"]
[Source "John Saunders"]
[SourceDate "2024.08.18"]
[SourceVersion "1"]
[SourceVersionDate "2024.08.18"]
[SourceQuality "1"]

1. Nf3 Nf6 2. c4 c5 3. d4 cxd4 4. Nxd4 Nc6 5. e3 g6 6. Nc3 Bg7 7. Qb3 O-O 8. Be2 d6 9. O-O Nd7 10. Qd1 Nc5 11. b3 Ne6 12. Nxe6 Bxe6 13. Bb2 Qa5 14. Rc1 Rfd8 15. Bf3 Rac8 16. Qe2 a6 17. Rfd1 Rc7 18. Bd5 Rdc8 19. Bxe6 fxe6 20. c5 Ne5 21. Na4 dxc5 22. Bxe5 Bxe5 23. Qg4 Rc6 24. h4 b5 25. Rxc5 Rxc5 26. Qxe6+ Kf8 27. Nxc5 Rxc5 28. b4 Qxb4 29. Rd8+ Kg7 30. Qxe7+ Kh6 31. Qg5+ Kg7 32. Rd7+ 1-0

[Event "Kingston Invitational 3rd"]
[Site "Kingston upon Thames"]
[Date "2024.08.15"]
[Round "7.5"]
[White "Hobson, Kenneth"]
[Black "Browning, Alex"]
[Result "1-0"]
[WhiteElo "2266"]
[BlackElo "2267"]
[PlyCount "79"]
[EventDate "2024.08.12"]
[EventType "swiss"]
[EventRounds "9"]
[EventCountry "ENG"]
[SourceTitle "BritBase"]
[Source "John Saunders"]
[SourceDate "2024.08.18"]
[SourceVersion "1"]
[SourceVersionDate "2024.08.18"]
[SourceQuality "1"]

1. e4 c5 2. Nf3 d6 3. Bb5+ Nd7 4. a4 Ngf6 5. Nc3 e6 6. O-O Be7 7. Re1 O-O 8. d3 a6 9. Bc4 b6 10. Bf4 Bb7 11. h3 Re8 12. e5 dxe5 13. Nxe5 Nxe5 14. Bxe5 Qd7 15. Ne4 Qc6 16. Re3 Nxe4 17. dxe4 f6 18. Bg3 b5 19. Bf1 c4 20. b3 Bc5 21. Re1 Bb4 22. Re3 Rad8 23. Qf3 Bd2 24. Re2 e5 25. axb5 axb5 26. bxc4 bxc4 27. c3 Rd6 28. Ra5 Rd3 29. Re3 Rxe3 30. fxe3 Bxc3 31. Rd5 Bb2 32. Qh5 Rc8 33. Qg4 c3 34. Rd7 Qxd7 35. Qxd7 c2 36. Qxb7 c1=Q 37. Kh2 Rd8 38. Qe7 Rf8 39. Bb5 Qxe3 40. Bc4+ 1-0

[Event "Kingston Invitational 3rd"]
[Site "Kingston upon Thames"]
[Date "2024.08.15"]
[Round "7.6"]
[White "Dignam, Matthew P"]
[Black "Venkataramanan, TS."]
[Result "1/2-1/2"]
[WhiteElo "2118"]
[BlackElo "2225"]
[PlyCount "117"]
[EventDate "2024.08.12"]
[EventType "swiss"]
[EventRounds "9"]
[EventCountry "ENG"]
[SourceTitle "BritBase"]
[Source "John Saunders"]
[SourceDate "2024.08.18"]
[SourceVersion "1"]
[SourceVersionDate "2024.08.18"]
[SourceQuality "1"]

1. Nf3 Nf6 2. g3 d5 3. Bg2 e6 4. O-O Be7 5. d3 O-O 6. Nbd2 c5 7. e4 b5 8. c3 Nc6 9. Kh1 a5 10. a4 bxa4 11. Qxa4 Qb6 12. Re1 Ba6 13. Qc2 dxe4 14. dxe4 Rfd8 15. Bf1 Ng4 16. Nc4 Bxc4 17. Bxc4 Nge5 18. Nxe5 Nxe5 19. Qe2 Rd7 20. Bb5 Rb7 21. c4 Nc6 22. Be3 Bf6 23. Qh5 Bd4 24. Bxc6 Qxc6 25. Bxd4 cxd4 26. Rxa5 Rd8 27. Rc5 Qd6 28. Rb5 Rxb5 29. cxb5 d3 30. Rd1 Qd4 31. Kg2 Qxb2 32. Qg5 f6 33. Qg4 Qxb5 34. Qxe6+ Kf8 35. Rd2 Qa5 36. Ra2 Qc5 37. Rd2 Qb4 38. Ra2 Qb8 39. Rd2 Qb5 40. Qa2 Qb4 41. f3 Qd4 42. Qa5 Kg8 43. h4 h6 44. Qa2+ Kh8 45. Qb3 Kh7 46. h5 Qe3 47. Qc3 Rd7 48. Qa5 Qd4 49. Kh3 Rd8 50. Qf5+ Kh8 51. Qa5 Rc8 52. Qb5 Rd8 53. Qa5 Qd7+ 54. Qf5 Qc7 55. e5 Qc3 56. exf6 Qxd2 57. fxg7+ Kxg7 58. Qg6+ Kf8 59. Qf6+ 1/2-1/2

[Event "Kingston Invitational 3rd"]
[Site "Kingston upon Thames"]
[Date "2024.08.15"]
[Round "7.7"]
[White "Villiers, Thomas"]
[Black "Liu, Jack"]
[Result "0-1"]
[WhiteElo "2195"]
[BlackElo "2081"]
[PlyCount "116"]
[EventDate "2024.08.12"]
[EventType "swiss"]
[EventRounds "9"]
[EventCountry "ENG"]
[SourceTitle "BritBase"]
[Source "John Saunders"]
[SourceDate "2024.08.18"]
[SourceVersion "1"]
[SourceVersionDate "2024.08.18"]
[SourceQuality "1"]

1. d4 Nf6 2. Nf3 g6 3. Nbd2 d5 4. e3 Bg7 5. Be2 O-O 6. b4 a5 7. b5 c5 8. bxc6 Nxc6 9. Bb2 Bf5 10. O-O Rc8 11. c4 Nb4 12. Ne1 dxc4 13. Nxc4 Be6 14. Ne5 Nxa2 15. Qa4 Ne4 16. Rxa2 Bxa2 17. Qxa2 Nd2 18. N1f3 Nxf1 19. Bxf1 Bf6 20. Ng4 Qb6 21. Nxf6+ exf6 22. Ba3 Rfd8 23. Nd2 a4 24. Bc4 Rd7 25. g3 Kg7 26. Bc5 Rxc5 27. dxc5 Qxc5 28. Nf3 b5 29. Be2 Ra7 30. Nd4 b4 31. Qa1 b3 32. Bd1 Rc7 33. Bxb3 axb3 34. Nxb3 Qb6 35. Nd4 Ra7 36. Qc1 Qb7 37. Qc6 Qb1+ 38. Kg2 Ra2 39. h4 Qe1 40. Qf3 Ra1 41. Kh3 Ra2 42. Kg2 h5 43. Qf4 Qc1 44. Nb3 Qc6+ 45. Qf3 Qc4 46. Nd4 Ra1 47. Kh2 Qc1 48. Nb3 Qg1+ 49. Kh3 Rf1 50. Qg2 Qxf2 51. Qxf2 Rxf2 52. Nd4 f5 53. g4 fxg4+ 54. Kg3 Ra2 55. Kf4 Rh2 56. Ke4 Rxh4 57. Nf5+ gxf5+ 58. Kd4 g3+ 0-1

[Event "Kingston Invitational 3rd"]
[Site "Kingston upon Thames"]
[Date "2024.08.15"]
[Round "7.8"]
[White "Banerjee, Supratit"]
[Black "Gurner, Jem"]
[Result "1-0"]
[WhiteElo "2156"]
[BlackElo "2070"]
[PlyCount "83"]
[EventDate "2024.08.12"]
[EventType "swiss"]
[EventRounds "9"]
[EventCountry "ENG"]
[SourceTitle "BritBase"]
[Source "John Saunders"]
[SourceDate "2024.08.18"]
[SourceVersion "1"]
[SourceVersionDate "2024.08.18"]
[SourceQuality "1"]

1. e4 c5 2. c3 Nf6 3. e5 Nd5 4. Nf3 Nc6 5. Bc4 e6 6. d4 cxd4 7. cxd4 d6 8. O-O Be7 9. Qe2 O-O 10. Nc3 Nxc3 11. bxc3 dxe5 12. dxe5 Qa5 13. Rb1 a6 14. Qe4 Qa4 15. h4 Na5 16. Bd3 Qxe4 17. Bxe4 Rb8 18. Be3 Bd7 19. Bb6 Bd8 20. Bc5 Re8 21. Bd6 Rc8 22. Bxb7 Nxb7 23. Rxb7 Bb5 24. Rc1 Ba5 25. Nd4 Bd3 26. Rb3 Rc4 27. Ra3 Bb6 28. Rd1 Be4 29. Rxa6 Bd8 30. Bb4 Bxh4 31. Nb5 Rc6 32. Ra7 Bg6 33. g3 Bg5 34. f4 Bh6 35. Re7 Ra8 36. Na7 Ra6 37. Red7 Re8 38. Nb5 Bh5 39. R1d2 Rc6 40. Nc7 Rxc7 41. Rxc7 g5 42. Rh2 1-0

[Event "Kingston Invitational 3rd"]
[Site "Kingston upon Thames"]
[Date "2024.08.15"]
[Round "7.9"]
[White "Josse, Mark"]
[Black "Dicen, Elis Denele"]
[Result "1-0"]
[WhiteElo "2141"]
[BlackElo "2060"]
[PlyCount "139"]
[EventDate "2024.08.12"]
[EventType "swiss"]
[EventRounds "9"]
[EventCountry "ENG"]
[SourceTitle "BritBase"]
[Source "John Saunders"]
[SourceDate "2024.08.18"]
[SourceVersion "1"]
[SourceVersionDate "2024.08.18"]
[SourceQuality "1"]

1. c4 e5 2. Nc3 Nf6 3. Nf3 Nc6 4. e3 Bb4 5. Qc2 Bxc3 6. Qxc3 e4 7. Nd4 O-O 8. b3 Nxd4 9. Qxd4 d6 10. Bb2 Qe7 11. Be2 Bd7 12. f3 c5 13. Qc3 Bc6 14. O-O Rfe8 15. fxe4 Bxe4 16. Bf3 Bg6 17. Rf2 Rab8 18. Raf1 Qe5 19. Qc1 Qg5 20. Bxf6 gxf6 21. Qc3 Qe5 22. Qa5 a6 23. Qb6 Kg7 24. Bd5 Bd3 25. Re1 Bg6 26. g3 h5 27. Rf4 Re7 28. Ref1 f5 29. a4 Rd7 30. h4 Re8 31. R1f2 Qa1+ 32. Kg2 Qe5 33. b4 Rc8 34. b5 axb5 35. Qxb5 Rcc7 36. Rf1 Qe7 37. a5 f6 38. Qb1 Rd8 39. Qb3 Rdd7 40. Rb1 Be8 41. Qd3 Bg6 42. Rb6 Qe5 43. Qb1 Qe7 44. Kh2 Kh6 45. Qh1 Kg7 46. Qg2 Kh7 47. Rf1 Kg7 48. Qf3 Kh7 49. Rc1 Kg7 50. Rc3 Bf7 51. Bxf7 Qxf7 52. Qxf5 Qg6 53. Qxg6+ Kxg6 54. Rd3 Rc6 55. Kg2 f5 56. Kf3 Kf6 57. Kf4 Ke6 58. Rdb3 Rcc7 59. Rd3 Rc8 60. Rd5 Ke7 61. Rxf5 Rh8 62. Ke4 Rc7 63. Rg5 Rh7 64. Rg6 Rd7 65. Kd5 Rf7 66. Re6+ Kf8 67. Rbxd6 Rc7 68. Rf6 Kg7 69. Rxf7+ Rxf7 70. Kxc5 1-0

[Event "Kingston Invitational 3rd"]
[Site "Kingston upon Thames"]
[Date "2024.08.15"]
[Round "7.10"]
[White "Verma, Shlok"]
[Black "Large, Peter G"]
[Result "0-1"]
[WhiteElo "2060"]
[BlackElo "2336"]
[PlyCount "138"]
[EventDate "2024.08.12"]
[EventType "swiss"]
[EventRounds "9"]
[EventCountry "ENG"]
[SourceTitle "BritBase"]
[Source "John Saunders"]
[SourceDate "2024.08.18"]
[SourceVersion "1"]
[SourceVersionDate "2024.08.18"]
[SourceQuality "1"]

1. d4 e6 2. c4 Nf6 3. Nf3 b6 4. g3 Ba6 5. Qa4 c6 6. Nc3 b5 7. cxb5 cxb5 8. Nxb5 Qb6 9. Nc3 Nc6 10. Bg2 Bb4 11. O-O Bxc3 12. bxc3 Bxe2 13. Re1 Bb5 14. Qd1 d5 15. Ne5 O-O 16. Be3 Qa6 17. a4 Bc4 18. Nxc4 dxc4 19. Qc2 Nd5 20. a5 Nce7 21. Bd2 Rab8 22. Bf1 Rfc8 23. Ra4 Qb5 24. Qa2 Qb2 25. Rc1 Qxa2 26. Rxa2 Nf5 27. Ra4 Rb2 28. Bf4 Nxf4 29. gxf4 Nd6 30. Rb4 Ra2 31. Rcb1 Kf8 32. Rb8 Rxb8 33. Rxb8+ Ke7 34. Rb4 Rxa5 35. Bxc4 Ra3 36. Bb3 a5 37. Rb8 Ra1+ 38. Kg2 Rb1 39. c4 Nxc4 40. Rc8 Rxb3 41. Rxc4 Rb4 42. Rc7+ Ke8 43. f5 exf5 44. Ra7 Rxd4 45. Rxa5 g6 46. f3 h5 47. Ra2 Ke7 48. Kg3 h4+ 49. Kg2 Kf6 50. h3 Kg5 51. Rb2 Rd5 52. Ra2 Rb5 53. Rc2 Kh5 54. Ra2 f4 55. Kh2 Rg5 56. Ra4 Rg3 57. Ra3 Kg5 58. Rb3 Kf6 59. Ra3 Ke5 60. Rb3 Kd4 61. Rb4+ Ke3 62. Rb7 Kxf3 63. Rxf7 Ke3 64. Re7+ Kf2 65. Re4 Rg2+ 66. Kh1 f3 67. Re2+ Kg3 68. Re6 g5 69. Re4 Re2 0-1

[Event "Kingston Invitational 3rd"]
[Site "Kingston upon Thames"]
[Date "2024.08.15"]
[Round "7.11"]
[White "Andal, Edmond"]
[Black "Gallagher, Daniel GH"]
[Result "1/2-1/2"]
[WhiteElo "1960"]
[BlackElo "2253"]
[PlyCount "114"]
[EventDate "2024.08.12"]
[EventType "swiss"]
[EventRounds "9"]
[EventCountry "ENG"]
[SourceTitle "BritBase"]
[Source "John Saunders"]
[SourceDate "2024.08.18"]
[SourceVersion "1"]
[SourceVersionDate "2024.08.18"]
[SourceQuality "1"]

1. d4 Nf6 2. Nf3 g6 3. Bf4 Bg7 4. e3 O-O 5. Nbd2 d6 6. Bc4 b6 7. O-O Bb7 8. h3 Nbd7 9. Qe2 c5 10. c3 a6 11. a4 Re8 12. Rfd1 Ra7 13. Ng5 d5 14. Ba2 e5 15. dxe5 Nxe5 16. Bxe5 Rxe5 17. Ngf3 Re8 18. Qd3 Bc6 19. Bb1 a5 20. Qf1 Qe7 21. Bd3 Ba8 22. Bb5 Rd8 23. Qd3 Ne8 24. Nc4 Rb8 25. Na3 Nd6 26. Rac1 Rd8 27. Qe2 Qf6 28. Bd3 Re7 29. Nb1 Rde8 30. Re1 h5 31. Nbd2 Bh6 32. Bb5 Nxb5 33. Qxb5 Re6 34. Qd3 Bf8 35. h4 Bd6 36. Rcd1 Bc7 37. b3 R6e7 38. Rc1 Qe6 39. Rcd1 Qg4 40. Rc1 Re6 41. Kf1 Bb7 42. Red1 Bd8 43. c4 dxc4 44. Qxc4 Qf5 45. Qc2 Qf6 46. Qc4 Bc7 47. Kg1 Rd8 48. Re1 Qe7 49. Re2 Qf6 50. Rce1 Rde8 51. Ng5 R6e7 52. e4 Bf4 53. Ndf3 Bc8 54. e5 Qf5 55. Re4 Bxg5 56. Nxg5 Be6 57. Qc3 Bd5 1/2-1/2

[Event "Kingston Invitational 3rd"]
[Site "Kingston upon Thames"]
[Date "2024.08.15"]
[Round "7.12"]
[White "Taylor, William J"]
[Black "Willmoth, Robert F"]
[Result "1/2-1/2"]
[WhiteElo "1967"]
[BlackElo "2098"]
[PlyCount "50"]
[EventDate "2024.08.12"]
[EventType "swiss"]
[EventRounds "9"]
[EventCountry "ENG"]
[SourceTitle "BritBase"]
[Source "John Saunders"]
[SourceDate "2024.08.18"]
[SourceVersion "1"]
[SourceVersionDate "2024.08.18"]
[SourceQuality "1"]

1. e4 d6 2. d4 Nf6 3. Nc3 c6 4. f4 Qa5 5. Bd3 e5 6. Nf3 Nbd7 7. O-O exd4 8. Nxd4 g6 9. Be3 Bg7 10. h3 O-O 11. Qd2 Re8 12. Rae1 Qc7 13. f5 b5 14. Bxb5 Bb7 15. Bd3 a6 16. fxg6 hxg6 17. Bh6 Qb6 18. Be3 c5 19. Nf3 Qc6 20. b3 Nb6 21. Bh6 c4 22. Bxg7 Kxg7 23. bxc4 Nxc4 24. Qf4 Qc5+ 25. Kh2 Nh5 1/2-1/2

[Event "Kingston Invitational 3rd"]
[Site "Kingston upon Thames"]
[Date "2024.08.15"]
[Round "7.13"]
[White "Patel, Zain"]
[Black "Hill, Alistair"]
[Result "1/2-1/2"]
[WhiteElo "2035"]
[BlackElo "2089"]
[PlyCount "145"]
[EventDate "2024.08.12"]
[EventType "swiss"]
[EventRounds "9"]
[EventCountry "ENG"]
[SourceTitle "BritBase"]
[Source "John Saunders"]
[SourceDate "2024.08.18"]
[SourceVersion "1"]
[SourceVersionDate "2024.08.18"]
[SourceQuality "1"]

1. Nf3 Nf6 2. d4 d5 3. e3 Bf5 4. Bd3 Bxd3 5. Qxd3 Nbd7 6. O-O e6 7. Nbd2 Be7 8. b3 c5 9. c4 cxd4 10. Nxd4 Ne5 11. Qc3 Nc6 12. Nxc6 bxc6 13. Nf3 Ne4 14. Qc2 Bf6 15. Bb2 O-O 16. Rfd1 Bxb2 17. Qxb2 Qf6 18. Qxf6 gxf6 19. Rac1 Rfc8 20. Nd4 Kf8 21. cxd5 cxd5 22. Nb5 Ke7 23. f3 Nd6 24. Rxc8 Rxc8 25. a4 Nxb5 26. axb5 Rc3 27. Ra1 Rxb3 28. Rxa7+ Kf8 29. Rb7 Rxe3 30. b6 Rb3 31. Kf2 f5 32. Kg3 Kg7 33. h4 h5 34. Rb8 Rb4 35. f4 Kf6 36. b7 Ke7 37. Kf3 Kd7 38. Rf8 Rxb7 39. Rxf7+ Kc6 40. Rf6 Kd6 41. Rh6 Rb3+ 42. Kf2 d4 43. Rxh5 Kd5 44. Rh6 Rb2+ 45. Kf3 Rb6 46. h5 Kc4 47. Rh8 Rb3+ 48. Kf2 Kd5 49. h6 Ke4 50. Rd8 Rb2+ 51. Kg3 Rb3+ 52. Kh4 Rb1 53. Kg5 Rh1 54. Rd6 d3 55. Rxe6+ Kd5 56. Re8 Rh2 57. g3 Kd4 58. Kg6 d2 59. h7 Kc3 60. Rd8 Rh3 61. Rd7 Kc2 62. Kxf5 Rxh7 63. Rd8 d1=Q 64. Rxd1 Kxd1 65. Kg6 Rh8 66. g4 Rg8+ 67. Kh5 Ke2 68. f5 Kf3 69. f6 Kf4 70. f7 Rf8 71. Kg6 Kxg4 72. Kg7 Rxf7+ 73. Kxf7 1/2-1/2

[Event "Kingston Invitational 3rd"]
[Site "Kingston upon Thames"]
[Date "2024.08.15"]
[Round "7.14"]
[White "Walker, Samuel A"]
[Black "Young, Daniel J"]
[Result "1-0"]
[WhiteElo "2032"]
[BlackElo "1926"]
[PlyCount "65"]
[EventDate "2024.08.12"]
[EventType "swiss"]
[EventRounds "9"]
[EventCountry "ENG"]
[SourceTitle "BritBase"]
[Source "John Saunders"]
[SourceDate "2024.08.18"]
[SourceVersion "1"]
[SourceVersionDate "2024.08.18"]
[SourceQuality "1"]

1. d4 Nf6 2. c4 g6 3. Nc3 Bg7 4. e4 d6 5. Be2 O-O 6. Nf3 e5 7. Be3 Ng4 8. Bg5 f6 9. Bc1 Nc6 10. h3 Nh6 11. dxe5 dxe5 12. Qxd8 Rxd8 13. Nd5 Nf7 14. Nxc7 Rb8 15. Nb5 Be6 16. O-O Rbc8 17. b3 f5 18. Ng5 Nxg5 19. Bxg5 Rd7 20. exf5 gxf5 21. Rad1 Nd4 22. Nxd4 exd4 23. Rfe1 Bf7 24. Bf3 Kf8 25. Bf4 Rc5 26. Bxb7 Rxc4 27. bxc4 Rxb7 28. c5 Bd5 29. Be5 Rb5 30. Bxg7+ Kxg7 31. Re7+ Kg6 32. Rxa7 Rxc5 33. Rxd4 1-0

[Event "Kingston Invitational 3rd"]
[Site "Kingston upon Thames"]
[Date "2024.08.15"]
[Round "7.15"]
[White "Buckley, Graeme N"]
[Black "Rushbrooke, Remy"]
[Result "1-0"]
[WhiteElo "2293"]
[BlackElo "2056"]
[PlyCount "123"]
[EventDate "2024.08.12"]
[EventType "swiss"]
[EventRounds "9"]
[EventCountry "ENG"]
[SourceTitle "BritBase"]
[Source "John Saunders"]
[SourceDate "2024.08.18"]
[SourceVersion "1"]
[SourceVersionDate "2024.08.18"]
[SourceQuality "1"]

1. e4 g6 2. d4 Bg7 3. Nc3 d6 4. Be3 a6 5. a4 Nf6 6. h3 O-O 7. Nf3 Nc6 8. Bd3 e5 9. d5 Ne7 10. Qd2 Nh5 11. Ne2 f5 12. exf5 Nxf5 13. Bg5 Qe8 14. Be4 Nf4 15. O-O h6 16. Nxf4 exf4 17. Rae1 Qxa4 18. Bxf4 g5 19. b3 Qd7 20. Bh2 Qf7 21. c3 Bd7 22. Bc2 Ne7 23. c4 Rae8 24. Nd4 Nf5 25. Ne6 Bxe6 26. dxe6 Rxe6 27. Qd3 Rxe1 28. Rxe1 Bd4 29. Kh1 Qg7 30. Qe4 Kh8 31. f3 Bf2 32. Rd1 Bg3 33. Rd5 Bxh2 34. Rxf5 Rxf5 35. Qxf5 Be5 36. Qc8+ Qg8 37. Qxc7 Bg7 38. Qxb7 Qe8 39. Be4 Qd8 40. Qxa6 Qf6 41. Qc8+ Bf8 42. Qf5 Qxf5 43. Bxf5 Kg7 44. Be4 Kf6 45. Bd5 Ke5 46. b4 Be7 47. Kg1 Kd4 48. Kf2 Bd8 49. Ke2 h5 50. g3 Kc3 51. Ke3 Kxb4 52. g4 hxg4 53. hxg4 Kc5 54. f4 Kb6 55. Ke4 Kc7 56. fxg5 Bxg5 57. Kf5 Bd2 58. g5 Kd7 59. Kf6 Ke8 60. g6 Bc3+ 61. Ke6 Kd8 62. Kf7 1-0

[Event "Kingston Invitational 3rd"]
[Site "Kingston upon Thames"]
[Date "2024.08.15"]
[Round "7.16"]
[White "Fellowes, Billy"]
[Black "Lalic, Peter D"]
[Result "0-1"]
[WhiteElo "2006"]
[BlackElo "2181"]
[PlyCount "544"]
[EventDate "2024.08.12"]
[EventType "swiss"]
[EventRounds "9"]
[EventCountry "ENG"]
[SourceTitle "BritBase"]
[Source "John Saunders"]
[SourceDate "2024.08.18"]
[SourceVersion "1"]
[SourceVersionDate "2024.08.18"]
[SourceQuality "1"]

1. g3 d5 2. Nf3 Nc6 3. Bg2 e5 4. d3 f6 5. O-O Be6 6. Nbd2 Qd7 7. e4 d4 8. a4 O-O-O 9. Nc4 g5 10. Bd2 h5 11. h4 g4 12. Ne1 Nh6 13. Qe2 Nf7 14. Bh1 Be7 15. b3 b6 16. Nb2 a5 17. Ng2 Bb4 18. Bxb4 Nxb4 19. Rfc1 Nd6 20. Ne1 Nb7 21. Bg2 Nc5 22. Rd1 Kb8 23. Bh1 Qf7 24. Ng2 Bc8 25. Ne1 Bb7 26. Nc4 Ba6 27. Nb2 Ka7 28. Bg2 Qe6 29. Rd2 Kb8 30. Kh2 Rdg8 31. Ra3 Rg7 32. Nc4 Qe7 33. Ra1 Ne6 34. Nb2 Qc5 35. Nc4 Qf8 36. Nb2 Nc5 37. Nc4 Rhg8 38. Bh1 Ne6 39. Nb2 Ka7 40. Bg2 Qc5 41. Nc4 Bb7 42. Rdd1 Qe7 43. Rd2 Bc8 44. Kg1 Nc5 45. Kh2 Kb8 46. Kg1 Bb7 47. Kh2 Rg6 48. Kg1 Bc8 49. Kh2 Be6 50. Kg1 Bd7 51. Kh2 Ka7 52. Kg1 Bc8 53. Kh2 Bb7 54. Kg1 Ba6 55. Kh2 Ne6 56. Nb2 Qf7 57. Kg1 Bc8 58. Nc4 Qe8 59. Kh2 Bb7 60. Kg1 Qd8 61. Kh2 Ba6 62. Nb2 R6g7 63. Kg1 Qe7 64. Kh2 Nc5 65. Kg1 Bb7 66. Nc4 c6 67. Kh2 Ba6 68. Nb2 Ne6 69. Kg1 Bc8 70. Nc4 Kb7 71. Kf1 Ka7 72. Kg1 Rg6 73. Kf1 Bb7 74. Kg1 Ba8 75. Kf1 Qc5 76. Kg1 R6g7 77. Kf1 Bb7 78. Kg1 Bc8 79. Ra3 Qe7 80. Ra1 Nc5 81. Kh2 Bd7 82. Kg1 Be8 83. Kh2 Bf7 84. Nb2 Be6 85. Kg1 Bd7 86. Nc4 Qf8 87. Kh2 Bc8 88. Kg1 Bb7 89. Kh2 Ba8 90. Kg1 Rg6 91. Kh2 Bb7 92. Kg1 Ba6 93. Nb2 Bc8 94. Nc4 Bd7 95. Kh2 R8g7 96. Kg1 Be8 97. Kh2 Bf7 98. Nb2 Qe7 99. Kg1 Bg8 100. Kh2 Be6 101. Kg1 Bd7 102. Nc4 Bc8 103. Kh2 Bb7 104. Kg1 Ba6 105. Nb2 Ne6 106. Kf1 Kb7 107. Kg1 Qf8 108. Kf1 Qd8 109. Kg1 Qa8 110. Ra3 Qf8 111. Ra1 Rg8 112. Kf1 R6g7 113. Kg1 Ka7 114. Kf1 c5 115. Kg1 Nc6 116. Nc4 Bb7 117. Ra2 Rd7 118. Ra1 Ne7 119. Ra2 Ng6 120. Ra1 Qh6 121. Rdd1 Ba6 122. Qd2 Qg7 123. Ra2 Ne7 124. Qe2 Nc6 125. Nb2 Qh6 126. Qd2 Qg6 127. Qe2 Rdg7 128. Raa1 Kb7 129. Rab1 Kc7 130. Ra1 Bb7 131. Nc4 Qh6 132. Qd2 Qg6 133. Qe2 Nb4 134. Qd2 Rd8 135. Ra3 Ba6 136. Nb2 Kb7 137. Raa1 Ka7 138. Qe2 Qh6 139. Qd2 Qxd2 140. Rxd2 Rdg8 141. Re2 Kb8 142. Kh2 Kc7 143. Bh1 Bc8 144. Nc4 Bd7 145. Bg2 Nd8 146. Ra3 Bc8 147. Ra1 Ba6 148. Na3 Nb7 149. Bh1 Nd6 150. Ng2 Rg6 151. Ree1 Nf7 152. Re2 R6g7 153. Ree1 Nc6 154. Re2 Nd6 155. Ne1 Rg6 156. Bg2 R8g7 157. Bh1 Nc8 158. Kg1 N8e7 159. Bg2 Ng8 160. Bh1 Nh6 161. Bg2 Nf7 162. Bh1 Rg8 163. Ng2 Nb4 164. Kh2 R6g7 165. Rd2 Nd6 166. Re2 Kb7 167. Rd2 Rg6 168. Kg1 Nc8 169. Kh2 Kc7 170. Kg1 Nc6 171. Kh2 Nd6 172. Re2 Kd7 173. Ne1 Nb4 174. Ng2 Ne8 175. Ne1 Nc7 176. Bg2 Ne6 177. Bh1 Nd8 178. Bg2 Nf7 179. Bh1 R6g7 180. Ng2 Kc7 181. Rd2 Nd6 182. Ne1 Nc6 183. Re2 b5 184. axb5 Bxb5 185. Ng2 Kb6 186. Rf1 Nb4 187. Ra1 Ba6 188. Ree1 Bc8 189. Rf1 Rg6 190. Rfe1 Be6 191. Re2 Nf7 192. Ree1 Nd8 193. Rf1 Nb7 194. Ne1 Nd6 195. Ng2 R8g7 196. Rfe1 Nf7 197. Rf1 Nh6 198. Rfe1 Bg8 199. Re2 Bf7 200. Ree1 Rg8 201. Re2 Be6 202. Ree1 Nc6 203. Re2 {(adjourned - resumed 8.15am the following morning)} Nb4 204. Ree1 $2 Nf7 205. Rf1 Nd6 206. Rfc1 Nb5 207. Nxb5 Kxb5 208. Ne1 Ra8 209. Ra3 Rg7 210. Rca1 Rga7 211. Ra4 Kb6 212. Bg2 Bd7 213. R4a3 Kc7 214. f3 Kd6 215. fxg4 hxg4 216. Bf1 a4 217. Be2 $2 axb3 $1 $19 218. Rxa7 Rxa7 219. Rxa7 b2 220. h5 b1=Q 221. Ng2 Qc1 222. Nh4 Qd2 223. h6 Qxe2+ 224. Ng2 Qd2 225. h7 Qh6+ 226. Nh4 Qxh7 227. Kg2 Nxc2 228. Ra6+ Ke7 229. Ra7 Ne3+ 230. Kf2 Kd6 231. Ra6+ Bc6 232. Ra1 Bb7 233. Rb1 Kc7 234. Ra1 Qf7 235. Ra3 Kb6 236. Ke2 Ba6 237. Kd2 c4 238. Nf5 Nxf5 239. exf5 c3+ 240. Kc2 Qh7 241. Rb3+ Bb5 242. Ra3 Qxf5 243. Ra2 Qf2+ 244. Kb3 Qxg3 245. Kc2 f5 (245... Ba4+ {and mates in a further three moves.}) 246. Kb3 f4 247. Kc2 f3 248. Kb3 f2 249. Ra1 Qxd3 250. Rh1 g3 251. Rh6+ Bc6 252. Rf6 e4 253. Rf8 e3 254. Rb8+ Kc7 255. Rf8 e2 256. Rf7+ Kd8 257. Kb4 c2 258. Kc5 Qc3+ 259. Kd6 Be8 260. Ra7 Qb4+ 261. Kd5 d3 262. Ra8+ Ke7 263. Ra7+ Kf8 264. Rh7 d2 265. Rh8+ Kf7 266. Rh7+ Kg8 267. Rh5 Qb5+ 268. Kd6 Qxh5 269. Kc7 Qf7+ 270. Kb8 Bc6 271. Kc8 Qb7+ 272. Kd8 Qd7# 0-1